<?xml version="1.0" encoding="UTF-8"?>
<marc:record xmlns:marc="http://www.loc.gov/MARC21/slim">
   <marc:leader>00000nam a2200000 a 4500</marc:leader>
   <marc:datafield ind1="1" ind2=" " tag="100">
      <marc:subfield code="a">Gernhäuser, Susanne</marc:subfield>
      <marc:subfield code="4">aut</marc:subfield>
      <marc:subfield code="e">Verfasser/-in</marc:subfield>
   </marc:datafield>
   <marc:datafield ind1="1" ind2=" " tag="100">
      <marc:subfield code="a">Nieländer, Peter</marc:subfield>
   </marc:datafield>
   <marc:datafield ind1=" " ind2=" " tag="653">
      <marc:subfield code="a">Pappbilderbuch</marc:subfield>
   </marc:datafield>
   <marc:datafield ind1=" " ind2=" " tag="653">
      <marc:subfield code="a">Suchbild</marc:subfield>
   </marc:datafield>
   <marc:datafield ind1=" " ind2=" " tag="653">
      <marc:subfield code="a">Klappen</marc:subfield>
   </marc:datafield>
   <marc:datafield ind1="0" ind2="0" tag="245">
      <marc:subfield code="a">Mein Sachen suchen Wimmelbuch: In der Stadt</marc:subfield>
   </marc:datafield>
   <marc:datafield ind1="0" ind2="0" tag="245">
      <marc:subfield code="c">Gernhäuser, Susanne</marc:subfield>
   </marc:datafield>
   <marc:datafield ind1=" " ind2="1" tag="264">
      <marc:subfield code="a">Ravensburg</marc:subfield>
      <marc:subfield code="b">Ravensburger Verlag GmbH</marc:subfield>
      <marc:subfield code="c">2024</marc:subfield>
   </marc:datafield>
   <marc:datafield ind1=" " ind2=" " tag="250">
      <marc:subfield code="a">1. Auflage</marc:subfield>
   </marc:datafield>
   <marc:datafield ind1="1" ind2=" " tag="520">
      <marc:subfield code="a">Extra viel „Sachen suchen“-Spielspaß mit spannenden Klappen!&#xD;
&#xD;
Heute besuchen wir die große Stadt! Das macht Spaß und es gibt dort jede Menge Such- und Findespaß: Auf und hinter vielen Klappen finden sich lustige Überraschungen. Sieben Schaubilder zeigen die Stadt mit ihren verschiedenen Bewohnern und Fahrzeugen, einen großen Bahnhof, eine Brücke am Fluss, eine Großbaustelle, einen Zoo und einen tollen Flohmarkt am Hafen. In der Nacht müssen die Einsatzfahrzeuge anrücken und im Winter helfen sie beim Schneechaos. Ein Wimmelbuch der Extraklasse!&#xD;
&#xD;
Der beliebte "Sachen suchen"-Spieleffekt sorgt jetzt für noch mehr Spaß: mit vielen spannenden Überraschungsklappen! Was versteckt sich alles hinter den Türen und Fenstern in der großen Stadt? Welche Fahrzeuge gibt es und wofür werden sie gebraucht? Ja und wo geht man hin, wenn man im der Stadt Tiere und Natur erleben will? Kinder lieben es, hinter Klappen Neues zu entdecken und so verwandeln sich die Bilder in kleine Erzählgeschichten. Der Klappenspaß ermöglicht es schon kleinen Kindern, alleine auf Entdeckungstour zu gehen. Die lustigen Szenen und überraschende Bewegungsklappen machen Spaß und fördern durch den Sucheffekt die Aufmerksamkeit. Moderne Bilder von der Stadt, dem Nahverkehr, dem bunten Leben auf der Straße am Tag und in der Nacht machen Groß und Klein viel Freude und bieten wichtige Sprachanlässe. Ein endloser Suchspaß für die ganze Familie.</marc:subfield>
   </marc:datafield>
   <marc:datafield ind1=" " ind2=" " tag="020">
      <marc:subfield code="a">9783473418824</marc:subfield>
      <marc:subfield code="9">9783473418824</marc:subfield>
   </marc:datafield>
   <marc:datafield ind1=" " ind2=" " tag="020">
      <marc:subfield code="a">347341882X</marc:subfield>
      <marc:subfield code="9">347341882X</marc:subfield>
   </marc:datafield>
   <marc:datafield ind1=" " ind2=" " tag="041">
      <marc:subfield code="a">ger</marc:subfield>
   </marc:datafield>
   <marc:datafield ind1=" " ind2=" " tag="300">
      <marc:subfield code="b">Farbig illustriert</marc:subfield>
   </marc:datafield>
   <marc:datafield ind1=" " ind2=" " tag="338">
      <marc:subfield code="a">Band</marc:subfield>
   </marc:datafield>
   <marc:datafield ind1=" " ind2=" " tag="300">
      <marc:subfield code="a">16 Seiten</marc:subfield>
   </marc:datafield>
</marc:record>
